000050796 001__ 50796
000050796 005__ 20230317221055.0
000050796 0247_ $$2doi$$a10.1007/BF01422114
000050796 0247_ $$2ISSN$$a1434-601X
000050796 0247_ $$2ISSN$$a1434-6001
000050796 0247_ $$2ISSN$$a1431-5831
000050796 037__ $$aGSI-2013-02416
000050796 041__ $$aEnglish
000050796 082__ $$a530
000050796 1001_ $$0P:(DE-Ds200)OR1125$$aSchmidt, K. -H.$$b0$$ugsi
000050796 245__ $$aDependence of the evaporation residue production on the excitation energy of the compound nucleus in the reaction $^{40}Ar+^{164}Dy$
000050796 260__ $$aBerlin$$bSpringer$$c1978
000050796 3367_ $$0PUB:(DE-HGF)16$$2PUB:(DE-HGF)$$aJournal Article$$bjournal$$mjournal$$s1366896781_19101
000050796 3367_ $$2DRIVER$$aarticle
000050796 3367_ $$2BibTeX$$aARTICLE
000050796 3367_ $$00$$2EndNote$$aJournal Article
000050796 536__ $$0G:(DE-HGF)POF2-899$$a899 - ohne Topic (POF2-899)$$cPOF2-899$$fPOF I$$x0
000050796 588__ $$aDataset connected to CrossRef, repository.gsi.de
000050796 7001_ $$0P:(DE-Ds200)OR0036$$aArmbruster, P.$$b1$$ugsi
000050796 7001_ $$0P:(DE-HGF)0$$aFaust, W.$$b2
000050796 7001_ $$0P:(DE-Ds200)OR0487$$aHofmann, S.$$b3$$ugsi
000050796 7001_ $$0P:(DE-Ds200)BUDP1-0212$$aMünzenberg, G.$$b4$$ugsi
000050796 7001_ $$0P:(DE-Ds200)OR1014$$aReisdorf, W.$$b5$$ugsi
000050796 7001_ $$aClerc, H. -G.$$b6
000050796 7001_ $$aLang, W.$$b7
000050796 7001_ $$aVermeulen, D.$$b8
000050796 7001_ $$aEwald, H.$$b9
000050796 7001_ $$0P:(DE-HGF)0$$aGüttner, K.$$b10$$eCorresponding author
000050796 773__ $$0PERI:(DE-600)1459066-9$$a10.1007/BF01422114$$gVol. 284, no. 4, p. 431 - 432$$n4$$p431 - 432$$tThe @European physical journal / A$$v284$$x1434-601X$$y1978
000050796 909CO $$ooai:repository.gsi.de:50796$$pVDB
000050796 9101_ $$0I:(DE-Ds200)20121206GSI$$6P:(DE-Ds200)OR1125$$aGSI Helmholtzzentrum für Schwerionenforschung GmbH$$b0$$kGSI
000050796 9101_ $$0I:(DE-Ds200)20121206GSI$$6P:(DE-Ds200)OR0036$$aGSI Helmholtzzentrum für Schwerionenforschung GmbH$$b1$$kGSI
000050796 9101_ $$0I:(DE-Ds200)20121206GSI$$6P:(DE-HGF)0$$aGSI Helmholtzzentrum für Schwerionenforschung GmbH$$b2$$kGSI
000050796 9101_ $$0I:(DE-Ds200)20121206GSI$$6P:(DE-Ds200)OR0487$$aGSI Helmholtzzentrum für Schwerionenforschung GmbH$$b3$$kGSI
000050796 9101_ $$0I:(DE-Ds200)20121206GSI$$6P:(DE-Ds200)BUDP1-0212$$aGSI Helmholtzzentrum für Schwerionenforschung GmbH$$b4$$kGSI
000050796 9101_ $$0I:(DE-Ds200)20121206GSI$$6P:(DE-Ds200)OR1014$$aGSI Helmholtzzentrum für Schwerionenforschung GmbH$$b5$$kGSI
000050796 9131_ $$0G:(DE-HGF)POF2-899$$1G:(DE-HGF)POF2-890$$2G:(DE-HGF)POF2-800$$3G:(DE-HGF)POF2$$4G:(DE-HGF)POF$$aDE-HGF$$bProgrammungebundene Forschung$$lohne Programm$$vohne Topic$$x0
000050796 915__ $$0StatID:(DE-HGF)0010$$2StatID$$aJCR/ISI refereed
000050796 915__ $$0StatID:(DE-HGF)0100$$2StatID$$aJCR
000050796 915__ $$0StatID:(DE-HGF)0110$$2StatID$$aWoS$$bScience Citation Index
000050796 915__ $$0StatID:(DE-HGF)0111$$2StatID$$aWoS$$bScience Citation Index Expanded
000050796 915__ $$0StatID:(DE-HGF)0150$$2StatID$$aDBCoverage$$bWeb of Science Core Collection
000050796 915__ $$0StatID:(DE-HGF)0199$$2StatID$$aDBCoverage$$bThomson Reuters Master Journal List
000050796 915__ $$0StatID:(DE-HGF)0200$$2StatID$$aDBCoverage$$bSCOPUS
000050796 915__ $$0StatID:(DE-HGF)0420$$2StatID$$aNationallizenz
000050796 915__ $$0StatID:(DE-HGF)1020$$2StatID$$aDBCoverage$$bCurrent Contents - Social and Behavioral Sciences
000050796 920__ $$lyes
000050796 9201_ $$0I:(DE-Ds200)SHP-20080822OR107$$kSHP$$lSHE Physik$$x0
000050796 980__ $$ajournal
000050796 980__ $$aVDB
000050796 980__ $$aI:(DE-Ds200)20110830OR107
000050796 980__ $$aI:(DE-Ds200)SHP-20080822OR107
000050796 980__ $$aUNRESTRICTED